000 00580nam a2200181Ia 4500
008 151202s9999||||xx |||||||||||||| ||und||
082 _bPNVM-48197
100 _aवैद्य अमरेंद्र.
245 _aमाया सरोवर.
260 _b"अमोल प्रकाशन, पुणे."
260 _c1998
300 _a16
600 _aवैद्य अमरेंद्र.
630 _aमाया सरोवर.
700 _aवैद्य अमरेंद्र.
730 _aमाया सरोवर.
942 _cBOOK
999 _c1314143
_d1314140